000 01644nam a22002297a 4500
003 OSt
005 20260511142218.0
008 260511b |||||||| |||| 00| 0 eng d
020 _a9781848669147
040 _aKenya National Library Service
082 _a636.8 ALD
100 _aAlderton, David
_eAuthor
245 _aHow Smart is your Cat? :
_bdiscover if your pet can solve this fun feline tests /
_cDavid Alderton.
300 _a192 pages :
_bcolor illustrations ;
_c15 cm.
504 _aIncludes index.
520 _aWe all wonder how much our pet understands, what is going on in their head and just how intelligent they really are. This entertaining and comprehensive guide will not only explain your cat's sometimes baffling behavior--it will give you the means to test your pet's IQ yourself. Using your cat's natural skills, How Smart Is Your Cat? will enable you to improve their responses and reactions--and ultimately their IQ--as you work through a wealth of intelligence tests, giving them a star rating as they progress. The bond between you will deepen as you learn more about how your cat thinks. Featuring panels on feline psychology, different cat breeds and information on how cats communicate, How Smart Is Your Cat? is the ideal companion for everyone who wants to understand what their cat is thinking and how to communicate with them effectively. The perfect gift for cat lovers everywhere, this book will open your eyes to just how canny your kitten can be!.
650 _aCats.
650 _aAnimal husbandry .
942 _2ddc
_cBK
_n0
999 _c492669
_d492669